| 000 | 008730000a22002410004500 | ||
|---|---|---|---|
| 700 | 1 |
_aFernández Castiblanco, Fernando _94332 |
|
| 700 | 1 |
_aPalacio G, Edgard E. _997680 |
|
| 700 | 1 |
_aMackay, William P. _992605 |
|
| 700 | 1 |
_aMarcKay, Emma s. de _997681 |
|
| 090 |
_aAR _b03858 |
||
| 245 | 1 | 0 | _aIntroducción al estudio de las hormigas (Hymenopteras: Formicidae) de Colombia |
| 300 | _ap. 349-359 | ||
| 500 | _a<Colección Recursos Genéticos> | ||
| 650 | 1 | 4 |
_aEntomología _94483 |
| 650 | 1 | 4 |
_aFilogenética _94310 |
| 650 | 1 | 4 |
_aTaxonomía animal _98245 |
| 651 | 4 |
_pColombia _992749 |
|
| 041 | 0 | _aEspañol | |
| 260 |
_aBogotá _bAcademia Colombiana de Ciencias Exactas, Fisícas y Naturales _c1996 |
||
| 260 | _bCEJA | ||
| 942 | _cARTICULO | ||
| 773 | 1 | _tEn Andrade Correa, Miguel Gonzalo., Amat, Germán., Fernández Castiblanco, Fernando. Eds./ Insectos de Colombia | |
| 999 |
_c12893 _d12893 |
||